The development of young peoples’ internalising and externalising difficulties over the first three-years in the public care system
Although we know there are high rates of mental health difficulties amongst young people in out-of-home care (i.e. social welfare-involved children), there is limited evidence on the longitudinal development of these problems, particularly from when they enter the care system. Using the routinely co...
| Autores principales: | ; ; ; ; |
|---|---|
| Tipo de documento: | Electrónico Artículo |
| Lenguaje: | Inglés |
| Publicado: |
2023
|
| En: |
Child maltreatment
Año: 2023, Volumen: 28, Número: 1, Páginas: 141-151 |
| Acceso en línea: |
Volltext (doi) Volltext (lizenzpflichtig) |
| Verificar disponibilidad: | HBZ Gateway |
| Palabras clave: |
MARC
| LEADER | 00000caa a22000002c 4500 | ||
|---|---|---|---|
| 001 | 1834098653 | ||
| 003 | DE-627 | ||
| 005 | 20240326080506.0 | ||
| 007 | cr uuu---uuuuu | ||
| 008 | 230210s2023 xx |||||o 00| ||eng c | ||
| 024 | 7 | |a 10.1177/10775595211070765 |2 doi | |
| 035 | |a (DE-627)1834098653 | ||
| 035 | |a (DE-599)KXP1834098653 | ||
| 040 | |a DE-627 |b ger |c DE-627 |e rda | ||
| 041 | |a eng | ||
| 084 | |a 2,1 |2 ssgn | ||
| 100 | 1 | |a Hiller, Rachel M. |e VerfasserIn |4 aut | |
| 245 | 1 | 4 | |a The development of young peoples’ internalising and externalising difficulties over the first three-years in the public care system |c Rachel M. Hiller, Abigail Fraser, Megan Denne, Andreas Bauer and Sarah L. Halligan |
| 264 | 1 | |c 2023 | |
| 300 | |b Diagramm | ||
| 336 | |a Text |b txt |2 rdacontent | ||
| 337 | |a Computermedien |b c |2 rdamedia | ||
| 338 | |a Online-Ressource |b cr |2 rdacarrier | ||
| 500 | |a Literaturverzeichnis | ||
| 520 | |a Although we know there are high rates of mental health difficulties amongst young people in out-of-home care (i.e. social welfare-involved children), there is limited evidence on the longitudinal development of these problems, particularly from when they enter the care system. Using the routinely collected carer-reported strengths and difficulties questionnaire, we explored internalising (emotional and peer) and externalising (conduct and hyperactivity) difficulties for 672 young people across their first 3 years in the UK care system (2?16 yrs, 51% boys, 76% Caucasian). In all cases stable profiles (resilient or chronic) were most common, while changing profiles (recovery or delayed) were less common. Findings showed that entry into the care system is not enough of an intervention to expect natural recovery from mental health difficulties. Number of placements and being separated from siblings were associated with greater difficulties. Implications for child welfare and mental health systems are discussed. | ||
| 650 | 0 | 7 | |0 (DE-588)4030650-1 |0 (DE-627)104254092 |0 (DE-576)208988483 |a Kindesmisshandlung |2 gnd |
| 650 | 0 | 7 | |0 (DE-588)4163817-7 |0 (DE-627)105451916 |0 (DE-576)209884002 |a Kinderfürsorge |2 gnd |
| 650 | 0 | 7 | |0 (DE-588)4045612-2 |0 (DE-627)106200992 |0 (DE-576)209066105 |a Pflegeeltern |2 gnd |
| 650 | 4 | |a child maltreatment | |
| 650 | 4 | |a Child Welfare | |
| 650 | 4 | |a externalising | |
| 650 | 4 | |a Foster care | |
| 650 | 4 | |a internalising | |
| 650 | 4 | |a Longitudinal | |
| 650 | 4 | |a Out-of-home care | |
| 700 | 1 | |a Fraser, Abigail |e VerfasserIn |4 aut | |
| 700 | 1 | |a Denne, Megan |e VerfasserIn |4 aut | |
| 700 | 1 | |a Bauer, Andreas |e VerfasserIn |4 aut | |
| 700 | 1 | |a Halligan, Sarah L. |e VerfasserIn |4 aut | |
| 773 | 0 | 8 | |i Enthalten in |t Child maltreatment |d [Thousand Oaks, Calif.] : Sage, 1996 |g 28(2023), 1, Seite 141-151 |h Online-Ressource |w (DE-627)320585409 |w (DE-600)2018206-5 |w (DE-576)27627136X |x 1552-6119 |7 nnas |
| 773 | 1 | 8 | |g volume:28 |g year:2023 |g number:1 |g pages:141-151 |
| 856 | 4 | 0 | |u https://doi.org/10.1177/107755952110707 |x Resolving-System |z lizenzpflichtig |3 Volltext |7 1 |
| 856 | |u https://doi.org/10.1177/10775595211070765 |x doi |3 Volltext | ||
| 951 | |a AR | ||
| ELC | |a 1 | ||
| LOK | |0 000 xxxxxcx a22 zn 4500 | ||
| LOK | |0 001 4269980516 | ||
| LOK | |0 003 DE-627 | ||
| LOK | |0 004 1834098653 | ||
| LOK | |0 005 20230818114545 | ||
| LOK | |0 008 230210||||||||||||||||ger||||||| | ||
| LOK | |0 040 |a DE-21-110 |c DE-627 |d DE-21-110 | ||
| LOK | |0 092 |o n | ||
| LOK | |0 852 |a DE-21-110 | ||
| LOK | |0 852 1 |9 00 | ||
| LOK | |0 935 |a krzo | ||
| LOK | |0 939 |a 10-02-23 |b l01 | ||
| OAS | |a 1 | ||
| ORI | |a SA-MARC-krimdoka001.raw | ||
